000
00314nam a22001217a 4500
005
20251108175522.0
008
250721s1979 xx 000 0 eng d
100
1
_a
hawang, kai
245
1
0
_a
Computer Arithmetic ...... /
264
1
_a
new york :
_b
john wiley & sons,
_c
1979.
942
_2
ddc
_c
BK
999
_c
136031
_d
136031